Ga door naar de inhoud

Испытание материалов Учебное пособие

В учебном пособии изложены способы и методы испытания материалов рассматриваются средства и устройства для испытания материалов. Рассмотрены вопросы определения параметров свойств проведения технологических испытаний исследования структур контроля деталей на наличие дефектов. Учебное пособие предназ...

Volledige beschrijving

Bewaard in:
Bibliografische gegevens
Hoofdauteur: Быков С.Ю
Formaat: Учебное пособие
Editie:1
Online toegang:https://znanium.com/catalog/document?id=427279
https://znanium.com/cover/1916/1916408.jpg
Tags: Voeg label toe
Geen labels, Wees de eerste die dit record labelt!
LEADER 02489nam0a2200337 i 4500
001 RU\infra-m\znanium\bibl\1916408
003 https://znanium.com/catalog/document?id=427279
005 20250314000000.0
010 |a 978-5-906923-84-4 
010 |a 978-5-16-106300-2  |b электр. издание 
010 |a 978-5-16-013638-7  |b ISBN соиздателя 
100 |a 20250314d2023 m y0rusy0150 ca 
101 0 |a rus 
102 |a RU 
200 1 |a Испытание материалов  |e Учебное пособие 
205 |a 1 
210 1 |a Москва  |c ООО "КУРС"  |d 2022 
215 |a 120 с. 
330 |a В учебном пособии изложены способы и методы испытания материалов рассматриваются средства и устройства для испытания материалов. Рассмотрены вопросы определения параметров свойств проведения технологических испытаний исследования структур контроля деталей на наличие дефектов. Учебное пособие предназначено для студентов высших учебных заведений обучающихся по направлению 2.15.03.05 «Конструкторско-технологи-ческое обеспечение машиностроительных производств». 
333 |a Профессиональное образование 
606 |a Промышленность. Энергетика  |x Технология машиностроения  |2 local 
608 |a Учебное пособие  |2 local 
675 |a 620(075.8)  |z rus 
686 |a 34.43я73  |2 rubbk 
686 |a 15.03.04  |2 okso 
686 |a 15.03.05  |2 okso 
700 1 |a Быков  |b С.Ю.  |g Сергей Юрьевич 
701 1 |a Схиртладзе  |b А.Г.  |g Александр Георгиевич  |p Московский государственный технологический университет "Станкин" 
801 0 |a RU  |b Общество с ограниченной ответственностью «ЗНАНИУМ»  |c 20221031  |2 rusmarc 
856 4 |a znanium.com  |m ebs_support@infra-m.ru  |n НИЦ ИНФРА-М  |u https://znanium.com/catalog/document?id=427279 
856 4 1 |a znanium.com  |d /cover/1916  |f 1916408.jpg  |q image/jpeg  |u https://znanium.com/cover/1916/1916408.jpg